Quiz da Eritreia - Statistics

Estatísticas Gerais
  • Esse quiz foi jogado 449 vezes
  • A pontuação média é 9 de 15
Estatísticas das Respostas
Dica Resposta % Correto
Países fazendo fronteira com a Eritreia Etiópia
95%
Países fazendo fronteira com a Eritreia Djibouti
90%
País asiático localizado a apenas 38 km de distância da Eritreia Iémen
89%
Países fazendo fronteira com a Eritreia Sudão
88%
País que colonizou a Eritreia entre 1882 e 1936 Itália
85%
Mar fazendo fronteira com a Eritreia Mar Vermelho
82%
Península onde a Eritreia está {Chifre} da África
76%
Capital Asmara
67%
A maioria dos cristãos da Eritreia pertence a este ramo do cristianismo Ortodoxa Oriental
62%
Apelido dessa cidade, baseado na arquitetura do período colonial Pequena {Roma}
57%
Animal no emblema nacional da Eritreia Camelo
34%
Língua mais falada Tigrinha
27%
"Eritreia" é um nome antigo para o mar acima nesta língua Grego
24%
A culinária da Eritreia costuma ser servida no injera, que é um tipo de ___ esponjoso Pão
22%
Reino que cobria a maior parte do território da Eritreia entre 100 e 940 a.C. Axum
21%
Nenhum quiz correspondente encontrado
Distribuição das Pontuações
Porcentagem de Pessoas com Cada Pontuação
Percentil de Números Respondidos
Sua Pontuação Histórica
Você não jogou esse quiz